000 00240cam a22000977a 4500
008 180718b xxu||||| |||| 00| 0 eng d
082 _aB3 Ur3p
100 _aUrges, Joseph A.
245 _aPublic administration
_cby Joseph A.Urges
260 _a
_b
_c
999 _c335934
_d335934